000 01806cam a22005054i 4500
003 PE-LiUPU
005 20250731165625.0
008 150616s r 000 0 d
020 _a0191434515
035 _a(Sirsi) i9780191434518
040 _aPE-LiUPU
_bspa
_cPE-LiUPU
_erda
049 _aPRUA
082 0 4 _a220.84
_bE24
_221
110 2 _aEditorial Verbo Divino
245 0 0 _aAtlas Bíblico Oxford.
264 1 _aMadrid :
_bEdiciones Paulinas,
_c1989.
300 _a159 páginas :
_bIlustraciones (mapas, fotos blanco y negro a color) ;
_c26 centímetros
336 _atext
_2rdacontent
337 _aunmediated
_2rdamedia
338 _avolume
_2rdacarrier
490 0 _aColección Manuales, Nueva Imagen ;
_v4
505 0 _aIntroducción: Israel y las naciones.- Mapas y textos descriptivos.- La arqueología y la biblia.- Indice geografico.
526 _aSEG44
526 _aSEG26
526 _aP151
526 _aP150
526 _aP149
526 _aP146
526 _aP145
526 _aP126
526 _aP125
526 _aP92
526 _aP75
526 _aP74
526 _aP27
526 _aP15
650 1 4 _aBiblia
_xGeeografía
_vMapas.
910 _ajck
_bjvq
_cjck
942 _2ddc
_cBOOK
949 _aRC 220.84 E24
_wDEWEY
_c1
_i39602
_lCCODEBUL1
_mBUL
_r0
_sY
_tBOOK
_u2015-6-16
_xTEOLOGIA
_zUNKNOWN
_0COMPRA
_o.CIRCNOTE. No olvidar cambiar la fecha de devolución!!!!!!!
_o.STAFF. Colección General
994 _aC0
_bPEPRU
596 _a1
999 _aRC 220.84 E24
_wDEWEY
_c57300
_i39602
_d57300
_f2021-11-8
_g6
_lCCODEBUL1
_mBUL
_q4
_r1
_sY
_tBOOK
_u2015-6-16
_xTEOLOGIA
_zUNKNOWN
_0COMPRA
_o.CIRCNOTE. No olvidar cambiar la fecha de devolución!!!!!!!
_o.STAFF. Colección General
980 _81
_gALBERTO SANCHEZ Responsable de Automatización